[Event "FRA-ch U10"]
[Site "La Roche sur Yon"]
[Date "2008.04.23"]
[Round "2"]
[White "Lallemand, Emilie"]
[Black "Terrazzoni, Claire"]
[Result "1/2-1/2"]
[WhiteElo "1280"]
[BlackElo "1430"]
[PlyCount "59"]
[EventDate "2008.04.23"]
[EventType "swiss"]
[EventRounds "9"]
[EventCountry "FRA"]
[SourceTitle "EXT 2010"]
[Source "ChessBase"]
[SourceDate "2010.11.25"]
[SourceVersion "1"]
[SourceVersionDate "2010.11.25"]
[SourceQuality "1"]

1. e4 e5 2. Nf3 Nc6 3. Nc3 Nf6 4. Bb5 a6 5. Bxc6 dxc6 6. Nxe5 Bb4 7. Nf3 Bxc3 8. dxc3 Qxd1+ 9. Kxd1 0-0 10. Bg5 Nxe4 11. Rf1 Nxg5 12. Nxg5 Rd8+ 13. Ke2 Bf5 14. Rad1 Rxd1 15. Kxd1 Rd8+ 16. Kc1 h6 17. Nf3 Re8 18. Re1 Rxe1+ 19. Nxe1 c5 20. c4 b5 21. cxb5 axb5 22. a3 Be4 23. g3 g5 24. b4 cxb4 25. axb4 f5 26. f3 Bd5 27. h3 h5 28. f4 gxf4 29. gxf4 Kf7 30. Nd3 1/2-1/2